000
00285nam a2200133Ia 4500
100
_a
Desphande/A.S.
942
_c
BK
654
_a
Factory Management
245
_a
Factory managements
260
_b
Vora & Co.
_a
Bombay
_c
1969
082
_a
658
_b
Des
546
_a
ENGLISH
999
_c
32971
_d
32971